| 000 | 00751nam a22001577a 4500 | ||
|---|---|---|---|
| 999 |
_c61117 _d61117 |
||
| 005 | 20231220154100.0 | ||
| 008 | 231220s1979 ru ||||| |||| 00| 0 rus d | ||
| 041 | _arus | ||
| 080 | _a7:069 A-62 | ||
| 245 |
_aАмударьинский клад : _bKаталог выставки / _c [авт. вступ. ст. и сост. кат. Е. В. Зеймаль]; Гос. Эрмитаж, Британский музей. |
||
| 264 |
_aЛенинград : _bИскусство, Ленинградское отделение, _c1979. |
||
| 300 |
_a94 с.: _bил.; _c22 см. |
||
| 653 | _aამუდარიის საგანძური | ||
| 700 |
_aЗеймаль, Е. В. _eშემდგენელი _920809 |
||
| 942 |
_2udc _cᲬᲘᲒᲜᲘ |
||